| 000 | 02390nam a22003137a 4500 | ||
|---|---|---|---|
| 005 | 20220223141034.0 | ||
| 008 | 220222b ||||| |||| 00| 0 eng d | ||
| 020 | _a9788177581041 | ||
| 040 | _cAloy | ||
| 041 | _aeng | ||
| 082 |
_223 _a510.2433 _bSYDM |
||
| 100 |
_aKnut Sydsaeter _921729 |
||
| 100 |
_dPeter J Hammond _921517 |
||
| 245 | _aMathematics for Economic Analysis | ||
| 260 |
_aNoida _bPearson _c2022 |
||
| 300 |
_a1000p. _bPB _c23x17 cm. |
||
| 365 |
_2Economics _a5987 _b879.20 _c₹ _d1099.00 _e20% _f21-02-2022 |
||
| 520 | _aMathematics for Economic Analysis, authored by Knut Sydsaeter and Peter J. Hammond, is a comprehensive book that gives us an introduction to mathematical analysis and linear algebra. It discusses the application of mathematical ideas, and comprises examples and problems for better understanding of the subject. About Pearson Pearson is one of the biggest education companies in the world. Their books help in facilitating the education of 100 million people worldwide. They cover a wide spectrum of subjects including: business, technology, sciences, law and the humanities. Their books and resources help students learn, teachers teach and professionals evolve through their career. Pearson has designed their learning tools in a way that will help people expand their knowledge, develop skills and know their potential. | ||
| 521 | _aTable of Content Introduction. Functions of One Variable: Introduction. Polynomials, Powers, and Exponentials. Single Variable Differentiation. More on Differentiation. Limits, Continuity, and Series. Implications of Continuity and Differentiability. Exponential and Logarithmic Functions. Single Variable Optimization. Integration. Further Topics in Integration. Linear Algebra: Vectors and Matrices. Determinants and Matrix Inversion. Further Topics in Linear Algebra. Functions of Several Variables. Toolkit for Comparative Statics. Multivariable Optimization. Constrained Optimization. Linear Programming. Difference Equations. Differential Equations. | ||
| 650 |
_aEconomic Analysis _921518 |
||
| 650 |
_aVariable _921519 |
||
| 650 |
_aPolynomials _921520 |
||
| 650 |
_aLogarithmic Functions _921521 |
||
| 650 |
_aMatrix Inversion _921522 |
||
| 650 |
_aLinear Algebra _921523 |
||
| 700 |
_aSYDSAETER (Knut) _921524 |
||
| 700 |
_aHAMMOND (Peter J) _921525 |
||
| 942 |
_2ddc _cBK |
||
| 999 |
_c221580 _d221580 |
||